Bornova belediyesi fotoğraf yarışması (Record no. 2856)

MARC details
000 -BAŞLIK
Sabit Uzunlukta Kontrol Alanı 00701na a2200229 4500
001 - KONTROL NUMARASI
Denetim Alanı 16620
003 - KONTROL NUMARASI IDENTIFIER
Denetim Alanı MIRAKIL
005 - SON İŞLEM TARİHİ VE ZAMANI
Denetim Alanı 20181213154911.0
008 - SABİT-BOY VERİ ELEMANLARI - GENEL BİLGİLER
Sabit Uzunlukta Kontrol Alanı 161014b tu 000 0
040 ## - KATALOGLAMA KAYNAK
Orijinal Kataloglama Ajansı Milas
Kataloglama Dili tur
Metne Dönüştürmek Ajansı TR-AnCHP
041 ## - DİL KODU
Metin / Ses Parça Veya Ayrı Başlığın Dil Kodu tur
082 ## - DEWEY ONLU SINIFLANDIRMA NUMARASI
Sınıflandırma Numarası 779
Ürün Numarası B66 2011
090 ## - SINIFLAMA NUMARASI
Sınıflama Numarası 779 B66 2011
245 ## - BAŞLIK TABLOSU
Başlık Bornova belediyesi fotoğraf yarışması
Başlığın Kalan "Bornova kentin belleğine yolculuk"
Sorumluluk Tablosu, Vb yay.haz. Kaan Bağcı, Alpgiray Kelem
260 ## - YAYIN, DAĞITIM, VB
Yayın, Dağıtım, Vb Yeri İzmir
Yayıncı, Dağıtıcı, Vs Adı [Bornova Belediyesi]
Yayın, Dağıtım, Vb Tarihi 2011
300 ## - FİZİKSEL TANIM
Kapsam 155 s.
Diğer Fiziksel Ayrıntıları fotg.
Boyutlar 22x27 sm.
651 ## - KONU KATMA GİRİŞ - COĞRAFİ ADI
Coğrafi İsim Bornova (İzmir)
Genel Alt Bölümü Gezi ve tanıtım
651 ## - KONU KATMA GİRİŞ - COĞRAFİ ADI
Coğrafi İsim İzmir
Genel Alt Bölümü Fotoğraflar
Coğrafi Alt Bölümü Bornova
700 ## - KATMA GİRİŞ - KİŞİSEL İSİM
Kişisel Ad Kelem, Alpgiray
700 ## - KATMA GİRİŞ - KİŞİSEL İSİM
Kişisel Ad Bağcı, Kaan
942 ## - EKLENDİ GİRİŞ ELEMANLARI (KOHA)
Sınıflandırma Veya Raf Düzeni Kaynak Dewey Decimal Classification
Koha Öğesi Türü Books
999 ## - SİSTEM KONTROL NUMARALARI (KOHA)
Koha Biblionumber 2856
Koha Biblioitemnumber 2856
Holdings
Kalıcı Konum Mevcut Konum Edinme Tarihi Edinim Kaynak Toplam Check-Out'Lar Tam Çağrı Numarası Barkod Tarih Son Görülme Kopya Sayısı İtibaren Geçerli Fiyatlar Koha Öğesi Türü
CHP Kütüphanesi CHP Kütüphanesi 10/14/2016 Bağış   779 B66 2011 005757 10/14/2016 k.2 10/14/2016 Books
CHP Kütüphanesi CHP Kütüphanesi 10/09/2016 Bağış   779 B66 2011 006590 10/09/2016   10/09/2016 Books